000 00812nam a2200241 a 4500
005 20240925070127.0
008 041026s2003 mx r 000 0 spa d
020 _a8449307058
035 _aUPN01000136018
049 _aCG
050 4 _aBF575 A3
_bH5.2
100 1 _aHirigoyen, Marie-France
245 1 3 _aEl acoso moral :
_bel maltrato psicológico en la vida cotidiana /
_cMarie-France Hirigoyen ; tr. Enrique Folch González.
260 _aBarcelona, Esp. :
_bPaidós,
_c2003.
300 _a179 p.
440 0 _aPaidós contextos ;
_v42
590 _a(También localizas un ejemplar en el "Area de Reserva")
590 _aBibliografía Básica (BGTQ)
534 _pTraducción de:
_tLe barcelement moral
650 4 _aAgresividad (Psicología)
_92250
650 4 _aViolencia
_97151
905 _aLibro
999 _c108169
_d108169